Vzdelanie a veda v podmienkach znalostnej ekonomiky
Poznatková ekonomika (knowledge economy), nová ekonomika (neuw economy) alebo informačná ekonomika (informačné technológie) ako vedecké kategórie a zároveň ako konkrétny spoločensky jav v súčasnom období stali súčasťou vedeckej a odbornej komunikácii a spoločenskej reality. Budúcnosť ľudstva a rieše...
Saved in:
| Main Author: | |
|---|---|
| Format: | Book Chapter |
| Language: | Slovak |
| Subjects: | |
| Tags: |
No Tags, Be the first to tag this record!
|
MARC
| LEADER | 00000naa a2200000 4500 | ||
|---|---|---|---|
| 001 | 0127957 | ||
| 005 | 20231207081300.5 | ||
| 041 | 0 | |a slo | |
| 044 | |a SK | ||
| 245 | 1 | 0 | |a Vzdelanie a veda v podmienkach znalostnej ekonomiky |c Sergej Vojtovič |
| 520 | |a Poznatková ekonomika (knowledge economy), nová ekonomika (neuw economy) alebo informačná ekonomika (informačné technológie) ako vedecké kategórie a zároveň ako konkrétny spoločensky jav v súčasnom období stali súčasťou vedeckej a odbornej komunikácii a spoločenskej reality. Budúcnosť ľudstva a riešenie akútnych hospodárskych, sociálnych a ekologických problémov sa jednoznačne spája s rozvojom tak zvanej znalostnej ekonomiky. Ako aj iné spoločenské procesy, rozvoj znalostnej ekonomiky je predovšetkým uvedomelým a cieľovým správaním ľudí, sociálnych skupín, spoločností. | ||
| 610 | 2 | 0 | |a ekonomika vedomostná |
| 610 | 2 | 0 | |a vzdelávanie |
| 610 | 2 | 0 | |a veda |
| 610 | 2 | 0 | |a výskum |
| 100 | 1 | |a Vojtovič, Sergej | |